00720nas a2200193 a 450000500170000000700030001700800410002004000250006104100080008610000410009424500440013526000810017930000560026031000130031636200380032950000720036765000440043965000430048320250415092617.0ta250122e2024 dr m||p|r||||||0| 0|spa d aDO-SdBNPcBNPHUerda hspa aReyes, Orlando J.R.d1963-edirector aRadar noroestano /cOrlando J.R. Reyes. aSantiago Rodríguez, República Dominicana : bProducciones Radar, c2024. avolumen : bilustraciones, fotografías ; c28 cm. aMensual. aAño 27, No. 50. Diciembre 2024. aUna revista de interés local, regional, nacional e internacional. 0aEducaciónvPublicaciones periódicas 0aTeologíavPublicaciones periódicas